Library Banner

Islamic studies(Vol 49 , No. 4-2)/ (Record no. 95736)

MARC details
000 -LEADER
fixed length control field 00376nam a22001457a 4500
005 - DATE AND TIME OF LATEST TRANSACTION
control field 20180307154957.0
008 - FIXED-LENGTH DATA ELEMENTS--GENERAL INFORMATION
fixed length control field 170726b xxu||||| |||| 00| 0 eng d
022 ## - INTERNATIONAL STANDARD SERIAL NUMBER
International Standard Serial Number 05788072
040 ## - CATALOGING SOURCE
Transcribing agency PK-LaUMT
082 ## - DEWEY DECIMAL CLASSIFICATION NUMBER
Classification number ZIAC 297.05
Item number ISL-
245 ## - TITLE STATEMENT
Title Islamic studies(Vol 49 , No. 4-2)/
260 ## - PUBLICATION, DISTRIBUTION, ETC. (IMPRINT)
Place of publication, distribution, etc Islamabad:
Name of publisher, distributor, etc Islamic Research Institute,
Date of publication, distribution, etc 2010
300 ## - PHYSICAL DESCRIPTION
Extent 574 p.
942 ## - ADDED ENTRY ELEMENTS (KOHA)
Koha item type Books
Holdings
Withdrawn status Lost status Damaged status Home library Current library Date acquired Full call number Barcode Date last seen Copy number Price effective from Koha item type
      UMT Main Campus UMT Main Campus 2017-07-26 ZIAC 297.05 ISL- 111379 2017-07-26 P-1 2017-07-26 Books
      UMT Main Campus UMT Main Campus 2017-07-26 ZIAC 297.05 ISL- 111375 2017-07-26 P-2 2017-07-26 Books
      UMT Main Campus UMT Main Campus 2017-07-26 ZIAC 297.05 ISL- 111376 2017-07-26 P-3 2017-07-26 Books
      UMT Main Campus UMT Main Campus 2017-07-26 ZIAC 297.05 ISL- 111377 2017-07-26 P-4 2017-07-26 Books
      UMT Main Campus UMT Main Campus 2017-07-26 ZIAC 297.05 ISL- 111378 2017-07-26 P-5 2017-07-26 Books